Tudor on charities / (Record no. 515)

MARC details
000 -LEADER
fixed length control field 01120cam a2200349 a 4500
001 - CONTROL NUMBER
control field 2380892
003 - CONTROL NUMBER IDENTIFIER
control field OSt
005 - DATE AND TIME OF LATEST TRANSACTION
control field 20150622120850.0
008 - FIXED-LENGTH DATA ELEMENTS--GENERAL INFORMATION
fixed length control field 841003s1984 enk 001 0 eng
010 ## - LIBRARY OF CONGRESS CONTROL NUMBER
LC control number 84222991
020 ## - INTERNATIONAL STANDARD BOOK NUMBER
International Standard Book Number 0421774509
040 ## - CATALOGING SOURCE
Original cataloging agency DLC
Transcribing agency DLC
Modifying agency DLC
-- OCoLC
043 ## - GEOGRAPHIC AREA CODE
Geographic area code e-uk---
050 00 - LIBRARY OF CONGRESS CALL NUMBER
Classification number KD1487
Item number .T83 1984
082 00 - DEWEY DECIMAL CLASSIFICATION NUMBER
Classification number 346.064 WAR
Edition number 19
100 1# - MAIN ENTRY--PERSONAL NAME
Personal name Warburton, Jean.
9 (RLIN) 1495
245 10 - TITLE STATEMENT
Title Tudor on charities /
Statement of responsibility, etc Jean Warburton /
250 ## - EDITION STATEMENT
Edition statement 9th ed.
260 ## - PUBLICATION, DISTRIBUTION, ETC. (IMPRINT)
Place of publication, distribution, etc London :
Name of publisher, distributor, etc Sweet & Maxwell :
-- Stevens & Sons,
Date of publication, distribution, etc 2003.
300 ## - PHYSICAL DESCRIPTION
Extent lxxiii, 737 p. ;
Dimensions 26 cm.
440 #0 - SERIES STATEMENT/ADDED ENTRY--TITLE
Title Property and conveyancing library
9 (RLIN) 1496
500 ## - GENERAL NOTE
General note Spine title: Charities.
500 ## - GENERAL NOTE
General note Includes indexes.
650 #0 - SUBJECT ADDED ENTRY--TOPICAL TERM
Topical term or geographic name as entry element Charitable uses, trusts, and foundations
Geographic subdivision Great Britain.
9 (RLIN) 1497
650 #0 - SUBJECT ADDED ENTRY--TOPICAL TERM
Topical term or geographic name as entry element Mortmain
Geographic subdivision Great Britain.
9 (RLIN) 1498
650 #0 - SUBJECT ADDED ENTRY--TOPICAL TERM
Topical term or geographic name as entry element Land titles
General subdivision Registration and transfer
Geographic subdivision Great Britain.
9 (RLIN) 1499
700 1# - ADDED ENTRY--PERSONAL NAME
Personal name Maurice, Spencer G.
9 (RLIN) 1500
700 1# - ADDED ENTRY--PERSONAL NAME
Personal name Parker, David B.
Fuller form of name (David Berkeley)
9 (RLIN) 1501
740 0# - ADDED ENTRY--UNCONTROLLED RELATED/ANALYTICAL TITLE
Uncontrolled related/analytical title Charities.
906 ## - LOCAL DATA ELEMENT F, LDF (RLIN)
a 7
b cbc
c orignew
d 3
e ncip
f 19
g y-gencatlg
942 ## - ADDED ENTRY ELEMENTS (KOHA)
Source of classification or shelving scheme Dewey Decimal Classification
Koha item type Books
Holdings
Withdrawn status Lost status Source of classification or shelving scheme Damaged status Not for loan Home library Current library Shelving location Date acquired Total Checkouts Full call number Barcode Date last seen Price effective from Koha item type
    Dewey Decimal Classification     Law Development Centre Main Library Law Development Centre Main Library Text Books and Laws 04/22/2011   346.064 WAR 18909 04/22/2011 04/22/2011 Books
    Dewey Decimal Classification     Law Development Centre Main Library Law Development Centre Main Library Text Books and Laws 04/22/2011   346.064 WAR 19010 04/22/2011 04/22/2011 Books